000 00317nam a22001337a 4500
008 170920b xxu||||| |||| 00| 0 eng d
020 _a9781560988069
041 _aeng
080 _a7
100 _a45
101 _aART
245 _aSKILLED WORK AMERICAN CRAFT RENWISCK GALLERY
_cSMITH
942 _2udc
_cBK
999 _c28500
_d28500